Top 10 Länder mit den schönsten Frauen - Nordamerika - Statistiken

Allgemein
  • Dieses Quiz wurde 58 mal gespielt
  • Das Durchschnittsergebnis liegt bei 8 aus 10
Antwortstatistiken
Platz Land % Korrekt
🥇 Vereinigte Staaten🇺🇸
100%
🥈 Kanada🇨🇦
98%
🥉 Mexiko🇲🇽
98%
06. Kuba🇨🇺
89%
05. Dominikanische Republik🇩🇴
76%
04. Jamaika🇯🇲
74%
09. Bahamas🇧🇸
70%
08. Barbados🇧🇧
65%
10. Grenada🇬🇩
52%
07. Trinidad und Tobago🇹🇹
50%
Keine übereinstimmenden Quizze gefunden
Verteilung der Resultate
Anzahl Personen mit jedem Resultat
Perzentil nach korrekt beantworteten Fragen
Ihre Resultats-Entwicklung
Sie haben dieses Quiz noch nicht gespielt